000 00372nam a22001457a 4500
999 _c7976
_d7976
003 OSt
005 20200611133331.0
008 200611b ||||| |||| 00| 0 eng d
020 _a9789881566270
082 _a728.095
110 _a Lei Zhang (Editor)
245 _aHouses
260 _aHong Kong
_bDesign Media Publishing Ltd; Sew editionve
_cNomber 15, 2014
942 _2ddc